000
00213nam a22001217a 4500
040
_c
SY
082
_a
658
100
_a
NA
245
_a
Mission report.
260
_a
FAO
_b
NA
_c
2010
300
_a
50p.
942
_c
EB
999
_c
8616
_d
8616